[Event "Rome City op 4th"]
[Site "Rome"]
[Date "2019.12.10"]
[Round "3"]
[White "Vavulin, Maksim"]
[Black "Pirverdiyev, Agil"]
[Result "1-0"]
[WhiteElo "2556"]
[BlackElo "2415"]
[PlyCount "64"]
[EventDate "2019.12.08"]
[EventType "swiss"]
[EventRounds "9"]
[EventCountry "ITA"]
[SourceTitle "CBM 193 Extra"]
[Source "ChessBase"]
[SourceDate "2020.01.31"]
[SourceVersion "1"]
[SourceVersionDate "2020.01.31"]
[SourceQuality "1"]

1. e4 c5 2. Nf3 d6 3. d4 cxd4 4. Nxd4 Nf6 5. Nc3 a6 6. Nb3 h6 7. f4 Qc7 8. Be2 e5 9. 0-0 Be7 10. Qd3 Nbd7 11. Qg3 g6 12. fxe5 dxe5 13. Bd3 Nb6 14. Be3 Be6 15. Nd4 Bc8 16. Nf3 Nbd7 17. Nd5 Nxd5 18. exd5 Qd6 19. Rae1 Kd8 20. Nxe5 Nxe5 21. Qxe5 Qxe5 22. Bb6+ Kd7 23. Rxe5 Rh7 24. Rfe1 Bf6 25. Re8 Rh8 26. R1e7+ Bxe7 27. Rxh8 Kd6 28. c4 a5 29. Be4 Bf6 30. c5+ Kd7 31. Rg8 Bxb2 32. Rd8+ Ke7 1-0

[Event "Wasselonne op 23rd"]
[Site "Wasselonne"]
[Date "2019.08.03"]
[Round "5"]
[White "Pirverdiyev, Agil"]
[Black "Lerch, Patrice"]
[Result "0-1"]
[WhiteElo "2414"]
[BlackElo "2351"]
[PlyCount "106"]
[EventDate "2019.08.01"]
[EventType "swiss"]
[EventRounds "7"]
[EventCountry "FRA"]
[SourceTitle "CBM 191 Extra"]
[Source "ChessBase"]
[SourceDate "2019.09.30"]
[SourceVersion "1"]
[SourceVersionDate "2019.09.30"]
[SourceQuality "1"]

1. e4 c5 2. Nf3 Nc6 3. d4 cxd4 4. Nxd4 Nf6 5. Nc3 e6 6. a3 Be7 7. g3 d5 8. exd5 Nxd5 9. Nxc6 bxc6 10. Ne2 Rb8 11. c4 Nb6 12. Bf4 Qxd1+ 13. Rxd1 Rb7 14. Bg2 Bd7 15. Rc1 g5 16. Be3 Rc7 17. f4 gxf4 18. Bxf4 Rc8 19. 0-0 f6 20. Kh1 0-0 21. Bh6 Rfd8 22. Nf4 Kf7 23. Nd3 Kg6 24. Be3 e5 25. Be4+ Kg7 26. g4 c5 27. b3 Bc6 28. Nf2 Rd3 29. Bxc6 Rxe3 30. Bb5 Rxb3 31. a4 Rd8 32. Rb1 Rxb1 33. Rxb1 a5 34. Ne4 Rd4 35. Bc6 Nxc4 36. Rb7 Kf8 37. Rb8+ Kf7 38. Kg2 Nd6 39. Nxc5 Rxg4+ 40. Kh3 Rd4 41. Bd7 f5 42. Be6+ Kf6 43. Bg8 Kg6 44. Nd7 e4 45. Kg3 Bg5 46. Nf8+ Kh5 47. Kg2 f4 48. Rb3 f3+ 49. Kh3 Rd1 50. Rb2 e3 51. Be6 e2 52. Bg4+ Kh6 53. Rb7 Nxb7 0-1

[Event "Wasselonne op 23rd"]
[Site "Wasselonne"]
[Date "2019.08.03"]
[Round "6"]
[White "Thomas, Anysia"]
[Black "Pirverdiyev, Agil"]
[Result "0-1"]
[WhiteElo "2158"]
[BlackElo "2414"]
[PlyCount "70"]
[EventDate "2019.08.01"]
[EventType "swiss"]
[EventRounds "7"]
[EventCountry "FRA"]
[SourceTitle "CBM 191 Extra"]
[Source "ChessBase"]
[SourceDate "2019.09.30"]
[SourceVersion "1"]
[SourceVersionDate "2019.09.30"]
[SourceQuality "1"]

1. d4 Nf6 2. c4 e6 3. Nf3 d5 4. g3 Bb4+ 5. Bd2 Be7 6. Bg2 0-0 7. 0-0 c6 8. Qc2 Nbd7 9. Bf4 Nh5 10. Bc1 Nhf6 11. Nbd2 b6 12. e4 Bb7 13. e5 Ne8 14. b3 a5 15. Rd1 a4 16. bxa4 Nc7 17. Rb1 Ra7 18. Nf1 Re8 19. h4 Qa8 20. cxd5 Nxd5 21. Bg5 Bf8 22. Bd2 c5 23. a5 cxd4 24. Nxd4 Rc8 25. Qb2 Nxe5 26. Bxd5 Bxd5 27. axb6 Nc4 28. Qb5 Rb7 29. Ne3 Rxb6 30. Qd7 Rxb1 31. Rxb1 Nxd2 32. Rd1 Nf3+ 33. Nxf3 Bxf3 34. Re1 Qa5 35. Ra1 Rd8 0-1

[Event "Benidorm op U2300 17th"]
[Site "Benidorm"]
[Date "2018.12.05"]
[Round "6"]
[White "Pirverdiyev, Agil"]
[Black "Lornye, Pylyp"]
[Result "1-0"]
[WhiteElo "2298"]
[BlackElo "2241"]
[PlyCount "63"]
[EventDate "2018.11.30"]
[EventType "swiss"]
[EventRounds "10"]
[EventCountry "ESP"]
[SourceTitle "EXT 2022"]
[Source "ChessBase"]
[SourceDate "2021.10.06"]
[SourceVersion "1"]
[SourceVersionDate "2021.10.06"]
[SourceQuality "1"]

1. e4 d6 2. d4 Nf6 3. Nc3 g6 4. f4 Bg7 5. Nf3 0-0 6. Bd3 Nc6 7. e5 dxe5 8. fxe5 Ng4 9. h3 Nh6 10. Be3 Nf5 11. Bxf5 Bxf5 12. g4 Bc8 13. Qd2 Nb4 14. a3 Nd5 15. Bh6 Nxc3 16. Bxg7 Kxg7 17. Qxc3 Qd5 18. 0-0-0 Bd7 19. Rhe1 Bc6 20. Ng5 h6 21. Ne4 Rad8 22. Qb4 Qd7 23. Nc5 Qc8 24. e6 a5 25. Qc3 f6 26. Nd3 Rd6 27. Nf4 Rfd8 28. d5 Be8 29. h4 b5 30. g5 b4 31. gxf6+ exf6 32. Nh5+ 1-0

[Event "Arvier Spring op"]
[Site "Arvier"]
[Date "2018.04.22"]
[Round "2"]
[White "Pirverdiyev, Agil"]
[Black "Ljubisavljevic, Zivojin Z"]
[Result "1-0"]
[WhiteElo "2290"]
[BlackElo "2090"]
[PlyCount "67"]
[EventDate "2018.04.21"]
[EventType "swiss"]
[EventRounds "7"]
[EventCountry "ITA"]
[SourceTitle "CBM 184 Extra"]
[Source "ChessBase"]
[SourceDate "2018.06.28"]
[SourceVersion "1"]
[SourceVersionDate "2018.06.28"]
[SourceQuality "1"]

1. e4 e6 2. d4 d5 3. Nc3 Bb4 4. e5 c5 5. Bd2 Bxc3 6. bxc3 Ne7 7. Qg4 Nf5 8. Bd3 h5 9. Qf4 b6 10. Nf3 g6 11. 0-0 Ba6 12. dxc5 Bxd3 13. cxd3 bxc5 14. Rab1 Nc6 15. Rb5 Rb8 16. Rxc5 Qb6 17. d4 Na5 18. c4 Nxc4 19. Bc1 Qd8 20. h3 Kf8 21. Ng5 Kg7 22. g4 hxg4 23. hxg4 Rh4 24. Nf3 g5 25. Nxg5 Nh6 26. f3 Nf5 27. Kg2 Rb1 28. Re1 Rxc1 29. Qxc1 Nce3+ 30. Rxe3 Qxg5 31. Rb3 Qg6 32. Qf4 Rh8 33. Rc7 Nh6 34. Rbb7 1-0

[Event "Arvier Spring op"]
[Site "Arvier"]
[Date "2018.04.21"]
[Round "1"]
[White "Poysti, Nathanael Nicolai"]
[Black "Pirverdiyev, Agil"]
[Result "1/2-1/2"]
[WhiteElo "1995"]
[BlackElo "2290"]
[PlyCount "85"]
[EventDate "2018.04.21"]
[EventType "swiss"]
[EventRounds "7"]
[EventCountry "ITA"]
[SourceTitle "CBM 184 Extra"]
[Source "ChessBase"]
[SourceDate "2018.06.28"]
[SourceVersion "1"]
[SourceVersionDate "2018.06.28"]
[SourceQuality "1"]

1. e4 c5 2. Nc3 Nc6 3. f4 e6 4. Nf3 d5 5. Bb5 Nge7 6. exd5 exd5 7. Qe2 Qd6 8. Bxc6+ bxc6 9. 0-0 f6 10. b3 Kf7 11. Ba3 Nf5 12. d4 Qc7 13. Rae1 Bd7 14. Bxc5 Bxc5 15. dxc5 Qxf4 16. Qd3 Qb4 17. Ne5+ fxe5 18. Rxf5+ Kg8 19. Rfxe5 Qxc5+ 20. Kh1 Rf8 21. Re7 Qd6 22. Qd4 Rf1+ 23. Rxf1 Qxe7 24. Qxa7 h5 25. Qd4 Rh6 26. h3 Rg6 27. Rf3 Rg5 28. Qf2 c5 29. Ne2 d4 30. Nf4 Bc6 31. Rg3 Rxg3 32. Qxg3 Qe5 33. Qf2 Qf5 34. Nd3 Qxh3+ 35. Kg1 Qg4 36. Ne5 Qe6 37. Nxc6 Qxc6 38. Qf5 h4 39. Qe5 h3 40. gxh3 Qg6+ 41. Kh1 Qxc2 42. Qe8+ Kh7 43. Qh5+ 1/2-1/2

[Event "Baku op"]
[Site "Baku"]
[Date "2016.09.22"]
[Round "5"]
[White "Pirverdiyev, Agil"]
[Black "Fataliyeva, Ulviyya Hasil Qizi"]
[Result "1-0"]
[WhiteElo "2343"]
[BlackElo "2234"]
[PlyCount "67"]
[EventDate "2016.09.18"]
[EventType "swiss"]
[EventRounds "9"]
[EventCountry "AZE"]
[SourceTitle "CBM 174 Extra"]
[Source "ChessBase"]
[SourceDate "2016.10.10"]
[SourceVersion "1"]
[SourceVersionDate "2016.10.10"]
[SourceQuality "1"]

1. d4 e6 2. c4 Nf6 3. Nf3 d5 4. Nc3 Bb4 5. Qa4+ Nc6 6. e3 0-0 7. Bd2 a5 8. a3 Bxc3 9. Bxc3 Ne4 10. Bd3 f5 11. 0-0 Rf6 12. g3 Rh6 13. Kg2 Bd7 14. Qb3 a4 15. Qa2 Qe8 16. h4 Kh8 17. Ng5 Nxg5 18. hxg5 Rh5 19. f4 dxc4 20. Be2 b5 21. e4 Ne7 22. Qb1 Bc6 23. d5 Nxd5 24. exd5 Bxd5+ 25. Bf3 Rd8 26. Qe1 Bxf3+ 27. Rxf3 Rd3 28. Qe5 Qd7 29. Re1 Rd6 30. Bb4 Ra6 31. Qc5 Qe8 32. Qxc7 Rc6 33. Qb7 Rc8 34. Bc3 1-0

[Event "Wch U20 55th"]
[Site "Bhubaneswar"]
[Date "2016.08.20"]
[Round "12"]
[White "Wagner, Dennis"]
[Black "Pirverdiyev, Agil"]
[Result "1-0"]
[WhiteElo "2572"]
[BlackElo "2364"]
[PlyCount "77"]
[EventDate "2016.08.08"]
[EventType "swiss"]
[EventRounds "13"]
[EventCountry "IND"]
[SourceTitle "CBM 173 Extra"]
[Source "ChessBase"]
[SourceDate "2016.08.29"]
[SourceVersion "1"]
[SourceVersionDate "2016.08.29"]
[SourceQuality "1"]

1. d4 Nf6 2. c4 e6 3. g3 d5 4. Bg2 Be7 5. Nf3 0-0 6. 0-0 b6 7. cxd5 exd5 8. Nc3 Bb7 9. Bf4 Na6 10. Rc1 Ne4 11. Nxe4 dxe4 12. Nd2 Qxd4 13. Nxe4 Qxb2 14. Rb1 Qa3 15. Bc1 Qa5 16. Bd2 Bb4 17. Rxb4 Nxb4 18. Qb1 Qxa2 19. Qxb4 Bxe4 20. Bxe4 c5 21. Qc3 Rad8 22. Bg5 Rd4 23. Bd3 Qd5 24. Be3 Rb4 25. Bd2 Ra4 26. Bc1 Kh8 27. Bb2 f6 28. Bb1 b5 29. Qc2 g6 30. Rd1 Qc6 31. h4 Kg7 32. h5 Rg4 33. Qd2 Qe6 34. h6+ Kg8 35. e4 Rg5 36. e5 Rh5 37. Be4 Rxe5 38. Bxe5 Qxe5 39. Qa2+ 1-0

[Event "Wch U20 55th"]
[Site "Bhubaneswar"]
[Date "2016.08.19"]
[Round "11"]
[White "Pirverdiyev, Agil"]
[Black "Taalaibekov, Tagir"]
[Result "1-0"]
[WhiteElo "2364"]
[BlackElo "2182"]
[PlyCount "83"]
[EventDate "2016.08.08"]
[EventType "swiss"]
[EventRounds "13"]
[EventCountry "IND"]
[SourceTitle "CBM 173 Extra"]
[Source "ChessBase"]
[SourceDate "2016.08.29"]
[SourceVersion "1"]
[SourceVersionDate "2016.08.29"]
[SourceQuality "1"]

1. Nf3 e6 2. d4 f5 3. g3 Nf6 4. Bg2 d5 5. 0-0 Bd6 6. c4 c6 7. b3 0-0 8. Ba3 Bxa3 9. Nxa3 Bd7 10. Qc2 Qe7 11. Qb2 Be8 12. b4 Bh5 13. Ne5 Nbd7 14. Nd3 a5 15. b5 cxb5 16. Nxb5 dxc4 17. Nf4 Bf7 18. Rfc1 e5 19. dxe5 Nxe5 20. Nd4 Rab8 21. Nxf5 Qc5 22. Nd5 Nfg4 23. Qd4 Qxd4 24. Nxd4 Rfd8 25. e4 Nf6 26. Nf5 Kf8 27. Nb6 g6 28. Ne3 Rd4 29. f4 Nd3 30. Rc3 Nxe4 31. Bxe4 Rxe4 32. Nexc4 Rd4 33. Nxa5 Nb4 34. Rc7 Rbd8 35. Nxb7 Rd1+ 36. Rxd1 Rxd1+ 37. Kf2 Rd2+ 38. Kf3 Rxa2 39. Nd7+ Kg8 40. Nf6+ Kg7 41. Nd8 Ra3+ 42. Ke4 1-0

[Event "Wch U20 55th"]
[Site "Bhubaneswar"]
[Date "2016.08.14"]
[Round "7"]
[White "Pirverdiyev, Agil"]
[Black "Fan, Huifeng"]
[Result "0-1"]
[WhiteElo "2364"]
[BlackElo "2223"]
[PlyCount "112"]
[EventDate "2016.08.08"]
[EventType "swiss"]
[EventRounds "13"]
[EventCountry "IND"]
[SourceTitle "CBM 173 Extra"]
[Source "ChessBase"]
[SourceDate "2016.08.29"]
[SourceVersion "1"]
[SourceVersionDate "2016.08.29"]
[SourceQuality "1"]

1. e4 e5 2. Nf3 Nf6 3. Nc3 Nc6 4. Bb5 Nd4 5. Ba4 c6 6. d3 d6 7. h3 Be7 8. 0-0 b5 9. Bb3 a5 10. a4 Nxb3 11. cxb3 b4 12. Ne2 0-0 13. d4 Nxe4 14. dxe5 d5 15. Nfd4 Ra6 16. f3 Nc5 17. Qc2 Qc7 18. Bf4 Ne6 19. Bg3 g6 20. Kh1 Bd7 21. Rad1 Raa8 22. f4 Ng7 23. Nf3 Bf5 24. Qc1 Qd7 25. Ned4 c5 26. Nxf5 Nxf5 27. Bf2 h5 28. Qd2 Rfd8 29. Qe2 Ng7 30. Rd2 Qf5 31. Bh4 Qe6 32. Ng5 Qc6 33. g4 d4+ 34. Kg1 f5 35. exf6 Bxf6 36. Qd3 Bxg5 37. Bxg5 Rd5 38. f5 gxf5 39. gxf5 Rf8 40. Rg2 Rdxf5 41. Re1 Kh8 42. Qd2 Kh7 43. Qd3 Qf3 44. Qd2 Qxh3 45. Bh6 R8f7 46. Bg5 Ne6 47. Bh6 R7f6 48. Qc1 d3 49. Be3 Rg6 50. Qd2 Rff6 51. Bg5 Nd4 52. Re7+ Kg8 53. Re8+ Kf7 54. Re7+ Kxe7 55. Bxf6+ Kxf6 56. Qf4+ Nf5 0-1

[Event "Wch U20 55th"]
[Site "Bhubaneswar"]
[Date "2016.08.09"]
[Round "2"]
[White "Pirverdiyev, Agil"]
[Black "Aravindh, Chithambaram VR"]
[Result "0-1"]
[WhiteElo "2364"]
[BlackElo "2543"]
[PlyCount "82"]
[EventDate "2016.08.08"]
[EventType "swiss"]
[EventRounds "13"]
[EventCountry "IND"]
[SourceTitle "CBM 173 Extra"]
[Source "ChessBase"]
[SourceDate "2016.08.29"]
[SourceVersion "1"]
[SourceVersionDate "2016.08.29"]
[SourceQuality "1"]

1. d4 Nf6 2. c4 Nc6 3. Nf3 e6 4. Nc3 Bb4 5. Bd2 0-0 6. Qc2 d6 7. a3 Bxc3 8. Bxc3 Qe7 9. e3 e5 10. h3 exd4 11. Nxd4 Ne4 12. Bd3 Nxc3 13. Qxc3 Ne5 14. Be2 Bd7 15. 0-0 c5 16. Nf3 Bc6 17. Nxe5 dxe5 18. Rfd1 f5 19. Bf1 Rf6 20. g3 Raf8 21. Bg2 Bxg2 22. Kxg2 f4 23. exf4 exf4 24. Re1 Qc7 25. g4 f3+ 26. Kg1 Rh6 27. Qe5 Qxe5 28. Rxe5 Rxh3 29. Rd1 Rf4 30. Rd8+ Kf7 31. Rf5+ Rxf5 32. gxf5 Rh4 33. Rd7+ Kf6 34. Rxb7 Rg4+ 35. Kh2 Rg2+ 36. Kh3 Rxf2 37. Kg3 Rf1 38. b4 cxb4 39. axb4 h5 40. Rxa7 h4+ 41. Kxh4 Rg1 0-1

[Event "Nakhchivan op"]
[Site "Nakhchivan"]
[Date "2016.05.17"]
[Round "8"]
[White "Pirverdiyev, Agil"]
[Black "Naghdiyev, Niyazi Siyavush"]
[Result "1-0"]
[WhiteElo "2355"]
[BlackElo "2351"]
[PlyCount "115"]
[EventDate "2016.05.10"]
[EventType "swiss"]
[EventRounds "9"]
[EventCountry "AZE"]
[SourceTitle "CBM 172 Extra"]
[Source "ChessBase"]
[SourceDate "2016.06.21"]
[SourceVersion "1"]
[SourceVersionDate "2016.06.21"]
[SourceQuality "1"]

1. e4 c6 2. d4 d5 3. e5 Bf5 4. Nf3 e6 5. Be2 c5 6. 0-0 Nc6 7. c3 cxd4 8. cxd4 Nge7 9. h3 Nc8 10. Nc3 Nb6 11. Bg5 Be7 12. Bxe7 Qxe7 13. Qd2 a6 14. Rac1 0-0 15. b3 Qb4 16. Rfd1 h6 17. Kh2 Rac8 18. Qe3 Bh7 19. Nb1 Na5 20. Bd3 Bxd3 21. Qxd3 Rxc1 22. Rxc1 Rc8 23. Rg1 Qb5 24. Qd2 Nxb3 25. axb3 Qxb3 26. Qf4 Rc2 27. Nbd2 Qc3 28. Rb1 Rb2 29. Rxb2 Qxb2 30. g4 Qc2 31. g5 h5 32. g6 Qxg6 33. Qh4 f6 34. exf6 gxf6 35. Qf4 Qf7 36. Nf1 a5 37. Ng3 Nc4 38. Qh6 Qg7 39. Qxh5 Kf8 40. Qh4 Ke7 41. Qf4 Nd6 42. Qc1 Kd8 43. h4 a4 44. Qa3 Qd7 45. h5 Nc4 46. Qf8+ Qe8 47. Qxf6+ Kc7 48. Ne5 a3 49. Nxc4 a2 50. Qe5+ Kd8 51. Qb8+ Ke7 52. Qxb7+ Qd7 53. Qb4+ Kf6 54. Ne5 Qc8 55. Qa3 a1Q 56. Qxa1 Qc2 57. Kg2 Kg5 58. Qa7 1-0

[Event "Nakhchivan op"]
[Site "Nakhchivan"]
[Date "2016.05.15"]
[Round "6"]
[White "Pirverdiyev, Agil"]
[Black "Sevgi, Volkan"]
[Result "1/2-1/2"]
[WhiteElo "2355"]
[BlackElo "2210"]
[PlyCount "89"]
[EventDate "2016.05.10"]
[EventType "swiss"]
[EventRounds "9"]
[EventCountry "AZE"]
[SourceTitle "EXT 2017"]
[Source "ChessBase"]
[SourceDate "2016.10.25"]
[SourceVersion "1"]
[SourceVersionDate "2016.10.25"]
[SourceQuality "1"]

1. e4 c5 2. Nf3 Nc6 3. Bb5 g6 4. Bxc6 dxc6 5. d3 Bg7 6. h3 e5 7. Nbd2 Be6 8. b3 f6 9. 0-0 Ne7 10. Nc4 b6 11. Be3 0-0 12. Qd2 Bxc4 13. bxc4 f5 14. Bh6 fxe4 15. Bxg7 Kxg7 16. Ng5 Qd6 17. Nxe4 Qd4 18. Rae1 Rae8 19. Ng5 Nf5 20. Re4 Qb2 21. Rfe1 Re7 22. h4 Nd6 23. Rg4 h5 24. Rg3 Nf5 25. Rf3 Qd4 26. Ne4 Qd8 27. Rh3 Nd4 28. Rg3 Rf4 29. Rg5 Nf5 30. Qd1 Rxh4 31. g3 Rxe4 32. Rxe4 Kf6 33. Rxf5+ Kxf5 34. g4+ Ke6 35. gxh5 gxh5 36. Qxh5 Kd6 37. Kf1 Qe8 38. Qg5 Qf7 39. Ke2 Qg7 40. Qf5 Rf7 41. Rg4 Qf8 42. Rg6+ Kc7 43. Qxe5+ Kb7 44. Kd1 Rxf2 45. Kc1 1/2-1/2

[Event "Nakhchivan op"]
[Site "Nakhchivan"]
[Date "2016.05.11"]
[Round "2"]
[White "Pirverdiyev, Agil"]
[Black "Suleymanli, Aydin Elshan"]
[Result "1/2-1/2"]
[WhiteElo "2355"]
[BlackElo "2091"]
[PlyCount "64"]
[EventDate "2016.05.10"]
[EventType "swiss"]
[EventRounds "9"]
[EventCountry "AZE"]
[SourceTitle "CBM 172 Extra"]
[Source "ChessBase"]
[SourceDate "2016.06.21"]
[SourceVersion "1"]
[SourceVersionDate "2016.06.21"]
[SourceQuality "1"]

1. d4 d5 2. c4 c6 3. Nf3 Nf6 4. Qc2 e6 5. g3 Nbd7 6. Bg2 Bd6 7. Nbd2 0-0 8. 0-0 Re8 9. Rd1 Qe7 10. e4 Nxe4 11. Nxe4 dxe4 12. Qxe4 e5 13. Qc2 e4 14. Ng5 Nf6 15. Nh3 h6 16. Bf4 g5 17. Bxd6 Qxd6 18. Kh1 Bg4 19. Rd2 Qd7 20. Ng1 Re7 21. Re1 Bf5 22. Qc3 Rae8 23. Rde2 Rd8 24. d5 Qd6 25. dxc6 Qxc6 26. Qa5 Qc8 27. Qxa7 Qxc4 28. Qb6 Qd4 29. Qxd4 Rxd4 30. f3 g4 31. fxg4 Bxg4 32. Rc2 Nd5 1/2-1/2

[Event "AZE-ch 71st"]
[Site "Baku"]
[Date "2016.03.21"]
[Round "7"]
[White "Naghdiyev, Niyazi Siyavush"]
[Black "Pirverdiyev, Agil"]
[Result "1/2-1/2"]
[WhiteElo "2281"]
[BlackElo "2340"]
[PlyCount "113"]
[EventDate "2016.03.15"]
[EventType "swiss"]
[EventRounds "9"]
[EventCountry "AZE"]
[SourceTitle "CBM 171 Extra"]
[Source "ChessBase"]
[SourceDate "2016.04.26"]
[SourceVersion "1"]
[SourceVersionDate "2016.04.26"]
[SourceQuality "1"]

1. d4 Nf6 2. c4 e6 3. Nf3 b6 4. g3 c5 5. Bg2 Bb7 6. 0-0 cxd4 7. Nxd4 Bxg2 8. Kxg2 Qc8 9. b3 Qb7+ 10. Kg1 a6 11. Nc3 Be7 12. Bb2 0-0 13. Qd3 Nc6 14. Qf3 Rab8 15. Nxc6 Qxc6 16. Qxc6 dxc6 17. Rac1 b5 18. Nb1 b4 19. Rfd1 Rfd8 20. Kf1 Ne4 21. f3 Nc5 22. Ke1 f6 23. Rxd8+ Rxd8 24. Rd1 e5 25. Rxd8+ Bxd8 26. Nd2 Kf7 27. Ne4 Nb7 28. e3 Ke6 29. Ke2 a5 30. f4 Bc7 31. fxe5 Bxe5 32. Bd4 Bd6 33. Kf3 Be7 34. Nd2 g6 35. Ne4 h5 36. Nd2 f5 37. Ke2 g5 38. e4 fxe4 39. Nxe4 Kf5 40. Kf3 g4+ 41. Ke3 Bd8 42. Kd3 Bc7 43. Bg1 Nd8 44. Nd2 Nf7 45. Ke2 Ng5 46. Be3 Ne6 47. Kd3 Nf8 48. Nf1 Ng6 49. Bd4 h4 50. gxh4 Nxh4 51. Bf2 Nf3 52. Bg3 Ne5+ 53. Ke2 Ke4 54. Ne3 Bb6 55. Bxe5 Bxe3 56. Bc7 c5 57. Bd6 1/2-1/2

[Event "AZE-ch 71st"]
[Site "Baku"]
[Date "2016.03.20"]
[Round "6"]
[White "Pirverdiyev, Agil"]
[Black "Suleymanli, Aydin Elshan"]
[Result "1-0"]
[WhiteElo "2340"]
[BlackElo "2032"]
[PlyCount "101"]
[EventDate "2016.03.15"]
[EventType "swiss"]
[EventRounds "9"]
[EventCountry "AZE"]
[SourceTitle "CBM 171 Extra"]
[Source "ChessBase"]
[SourceDate "2016.04.26"]
[SourceVersion "1"]
[SourceVersionDate "2016.04.26"]
[SourceQuality "1"]

1. c4 Nf6 2. Nc3 e6 3. Nf3 d5 4. e3 b6 5. Qa4+ Bd7 6. Qb3 dxc4 7. Bxc4 c5 8. Ne5 Bd6 9. Nxd7 Nbxd7 10. f4 Qe7 11. 0-0 0-0 12. d3 Rad8 13. Bd2 e5 14. Rae1 Bb8 15. Ne2 exf4 16. exf4 Rde8 17. Ng3 Qd8 18. Rxe8 Nxe8 19. Bc3 Nd6 20. Nh5 Nf5 21. Qd1 Qh4 22. Qf3 Nd4 23. Bxd4 cxd4 24. Ng3 Qf6 25. Ne4 Qc6 26. Qf2 b5 27. Bb3 Bc7 28. Qh4 Bd8 29. Ng5 Qg6 30. Qf2 Qxd3 31. Rd1 Qg6 32. Bc2 f5 33. Bb3+ Kh8 34. Ne6 Bb6 35. Nxf8 Nxf8 36. Qf3 Qd6 37. g3 h6 38. Kg2 Kh7 39. Qb7 Qf6 40. Qd5 h5 41. Rc1 g6 42. Rc8 Kh6 43. Qe5 Qg7 44. Rb8 Kh7 45. Kf3 d3 46. Qd6 Nd7 47. Rg8 Qf6 48. Qxd7+ Kh6 49. Bf7 d2 50. Rxg6+ Qxg6 51. Bxg6 1-0

[Event "AZE-ch 71st"]
[Site "Baku"]
[Date "2016.03.16"]
[Round "2"]
[White "Pirverdiyev, Agil"]
[Black "Abasov, Nijat Azad"]
[Result "0-1"]
[WhiteElo "2340"]
[BlackElo "2559"]
[PlyCount "88"]
[EventDate "2016.03.15"]
[EventType "swiss"]
[EventRounds "9"]
[EventCountry "AZE"]
[SourceTitle "CBM 171 Extra"]
[Source "ChessBase"]
[SourceDate "2016.04.26"]
[SourceVersion "1"]
[SourceVersionDate "2016.04.26"]
[SourceQuality "1"]

1. e4 e5 2. Nf3 Nc6 3. Bb5 a6 4. Ba4 d6 5. c3 Bd7 6. 0-0 g6 7. Re1 Bg7 8. d4 b5 9. Bb3 Nf6 10. a4 0-0 11. h3 h6 12. Qd3 Qe7 13. axb5 axb5 14. Rxa8 Rxa8 15. Na3 b4 16. Nc4 bxc3 17. bxc3 Rb8 18. Qc2 exd4 19. cxd4 Nb4 20. Qb1 Qd8 21. Bd2 Be6 22. Na5 Bxb3 23. Qxb3 c5 24. Nc4 Nc6 25. Qa3 Ra8 26. Qd3 cxd4 27. Nxd4 Nxd4 28. Qxd4 Nxe4 29. Qd5 Nxd2 30. Nxd2 Ra5 31. Qc6 Re5 32. Rc1 Qe7 33. Kf1 Bf6 34. Nf3 Rc5 35. Rxc5 dxc5 36. g4 Kg7 37. Nd2 Bd4 38. Nf3 Qa7 39. Qe4 Qa2 40. Nxd4 Qc4+ 41. Kg2 Qxd4 42. Qc2 c4 43. Kf3 c3 44. Ke2 Kf6 0-1

[Event "AZE-ch 71st"]
[Site "Baku"]
[Date "2016.03.15"]
[Round "1"]
[White "Guseinov, Gadir"]
[Black "Pirverdiyev, Agil"]
[Result "0-1"]
[WhiteElo "2645"]
[BlackElo "2340"]
[PlyCount "110"]
[EventDate "2016.03.15"]
[EventType "swiss"]
[EventRounds "9"]
[EventCountry "AZE"]
[SourceTitle "CBM 171 Extra"]
[Source "ChessBase"]
[SourceDate "2016.04.26"]
[SourceVersion "1"]
[SourceVersionDate "2016.04.26"]
[SourceQuality "1"]

1. e4 c5 2. Nc3 Nc6 3. Nf3 e6 4. d4 cxd4 5. Nxd4 Qc7 6. Be3 a6 7. Qd2 Nf6 8. f4 d6 9. 0-0-0 Bd7 10. Be2 b5 11. Bf3 Rc8 12. Rhe1 Na5 13. Bf2 Be7 14. g4 Nc4 15. Qd3 b4 16. Nd5 exd5 17. exd5 Bb5 18. Qb3 Kf8 19. g5 Nd7 20. Qxb4 Nce5 21. Be4 Nc5 22. Kb1 Nxe4 23. Rxe4 Nf3 24. Qb3 Nxd4 25. Bxd4 Re8 26. Rde1 h6 27. a4 Bd7 28. Bb6 Qc8 29. g6 fxg6 30. Rc4 Qb8 31. Rb4 Bf6 32. Rxe8+ Qxe8 33. Bc7 Qe1+ 34. Ka2 Ke7 35. Rb7 Bd4 36. Qd3 Qe3 37. Qxg6 Qxf4 38. Rb4 Qf6 39. Qd3 Be5 40. Qxa6 Rc8 41. Qb7 Qg6 42. Rc4 Qe8 43. a5 Ra8 44. Re4 Bf5 45. Rc4 Bd7 46. Kb1 Kf7 47. Qb4 Rc8 48. Qb6 Ra8 49. Qb4 Rc8 50. Bb6 Rxc4 51. Qxc4 Bb5 52. Qg4 Bf6 53. Qb4 Qe2 54. c3 Bc4 55. Qa4 Qe4+ 0-1

[Event "Moscow op-A"]
[Site "Moscow"]
[Date "2016.02.02"]
[Round "4"]
[White "Pirverdiyev, Agil"]
[Black "Triapishko, Alexandr"]
[Result "0-1"]
[WhiteElo "2311"]
[BlackElo "2471"]
[PlyCount "138"]
[EventDate "2016.01.30"]
[EventType "swiss"]
[EventRounds "9"]
[EventCountry "RUS"]
[SourceTitle "CBM 170 Extra"]
[Source "ChessBase"]
[SourceDate "2016.02.25"]
[SourceVersion "1"]
[SourceVersionDate "2016.02.25"]
[SourceQuality "1"]

1. Nf3 d5 2. g3 Bg4 3. Bg2 Nd7 4. c4 e6 5. cxd5 exd5 6. 0-0 Ngf6 7. Nc3 c6 8. h3 Bxf3 9. Bxf3 d4 10. Ne4 Nxe4 11. Bxe4 Be7 12. Qc2 Nc5 13. d3 Nxe4 14. dxe4 0-0 15. Rd1 Qb6 16. Bf4 c5 17. h4 Rac8 18. e3 Qe6 19. exd4 cxd4 20. Qb3 Qxb3 21. axb3 Bc5 22. Be5 Rfd8 23. Rac1 Bb6 24. Rxc8 Rxc8 25. Rd2 Rd8 26. Rd3 Re8 27. f4 f6 28. Bd6 Rxe4 29. Kf2 Kf7 30. f5 g6 31. fxg6+ hxg6 32. Bf4 f5 33. Rd1 Ke6 34. Kf3 Kd5 35. Rh1 Bd8 36. Rc1 Re6 37. Rc8 Bf6 38. b4 Be5 39. Rc5+ Kd6 40. Rc4 Bxf4 41. Rxd4+ Ke5 42. Rxf4 b5 43. Ke3 Rd6 44. Ke2 a6 45. Rf3 Rd4 46. Ra3 Rxb4 47. Rxa6 Rxb2+ 48. Kf3 Rb3+ 49. Kg2 Rb2+ 50. Kf3 f4 51. g4 Rb3+ 52. Kf2 Rb2+ 53. Kf3 Rb3+ 54. Kf2 b4 55. Rxg6 Rb2+ 56. Kf3 Rb3+ 57. Kf2 Rb1 58. Rg8 b3 59. Re8+ Kd5 60. Rd8+ Ke6 61. Re8+ Kd7 62. Rb8 b2 63. g5 Rh1 64. g6 b1Q 65. Rxb1 Rxb1 66. g7 Rb8 67. h5 Ke7 68. h6 Kf7 69. Kf3 Kg6 0-1

[Event "Moscow op-A"]
[Site "Moscow"]
[Date "2016.01.31"]
[Round "2"]
[White "Pirverdiyev, Agil"]
[Black "Shoshin, Boris"]
[Result "1-0"]
[WhiteElo "2311"]
[BlackElo "2068"]
[PlyCount "117"]
[EventDate "2016.01.30"]
[EventType "swiss"]
[EventRounds "9"]
[EventCountry "RUS"]
[SourceTitle "CBM 170 Extra"]
[Source "ChessBase"]
[SourceDate "2016.02.25"]
[SourceVersion "1"]
[SourceVersionDate "2016.02.25"]
[SourceQuality "1"]

1. e4 e5 2. Nf3 Nc6 3. Bb5 a6 4. Ba4 Nf6 5. 0-0 Be7 6. Re1 b5 7. Bb3 d6 8. c3 0-0 9. h3 Na5 10. Bc2 c5 11. d4 cxd4 12. cxd4 Bb7 13. d5 Rc8 14. b3 Qc7 15. Bd3 Nd7 16. Bb2 f5 17. exf5 Nf6 18. Ng5 Bxd5 19. Nc3 Bf7 20. Rc1 Qb6 21. Nxf7 Rxf7 22. Ne4 Rxc1 23. Bxc1 d5 24. Ng5 e4 25. Nxf7 Kxf7 26. Be3 Qc7 27. Be2 Bb4 28. Rf1 Qe5 29. Bd4 Qxf5 30. f3 e3 31. Bxe3 Qe5 32. Qd4 Qxd4 33. Bxd4 Nc6 34. Bxf6 Kxf6 35. f4 d4 36. Bf3 Ne7 37. g4 Bd2 38. Be4 h6 39. h4 Ke6 40. Kg2 Nd5 41. f5+ Ke5 42. Bxd5 Kxd5 43. f6 gxf6 44. Rxf6 Ke4 45. g5 hxg5 46. hxg5 Bxg5 47. Rxa6 Bd2 48. a3 Kd3 49. a4 bxa4 50. bxa4 Ke2 51. Rb6 d3 52. Rb2 Ke3 53. Kf1 Bc3 54. Rh2 Bb4 55. Rh4 d2 56. Rh3+ Kd4 57. Ke2 Kc5 58. Rh5+ Kb6 59. Rb5+ 1-0